| 000 | 00774naa a22002297u 4500 | ||
|---|---|---|---|
| 001 | 18117 | ||
| 003 | HDC | ||
| 007 | cr bn ---aaaaa | ||
| 008 | 210226t201107 xx 000 0 eng | ||
| 040 | _aHDC | ||
| 245 | 0 | _aFor the Development of Local & Global Halal Markets | |
| 260 |
_a[No place] : _b[publisher not identified], _c[no year] |
||
| 336 |
_atext _2rdacontent |
||
| 337 |
_acomputer _2rdamedia |
||
| 338 |
_aonline resource _2rdacarrier |
||
| 650 |
_aEntrepreneurship _9209 |
||
| 650 |
_aHalal food industry _zBelgium _91627 |
||
| 856 | _zRequest full-text at [email protected] | ||
| 942 | _2lcc | ||
| 942 | _cEIJ | ||
| 942 | _kEMAG 000638 | ||
| 999 |
_c15433 _d15433 |
||